Malaeska : the Indian wife of the white hunter /

Bibliographic Details
Main Author: Stephens, Ann S. (Ann Sophia), 1810-1886
Other Authors: O'Brien, Frank P.
Format: Book
Language:English
Published: New York : The John Day company, [1929]

MARC

Tag First Indicator Second Indicator Subfields
LEADER 00000cam a2200000 4500
001 in00000029750
005 20151007062925.0
008 750519s1929 nyuh 00011 eng u
010 |a  29029969  
035 |a (OCoLC)01343544 
035 |9 AAD6106AM 
040 |c KSU  |d TXA  |d UtOrBLW 
049 |a TXAM  |c [163226] 
050 0 |a PZ3.S832  |b Mal 
090 |a PS2919.S3  |b M24 1929 
092 |a 813  |b S832m 
100 1 |a Stephens, Ann S.  |q (Ann Sophia),  |d 1810-1886. 
245 1 0 |a Malaeska :  |b the Indian wife of the white hunter /  |c by Mrs. Ann S. Stephens. 
264 1 |a New York :  |b The John Day company,  |c [1929] 
264 4 |c ©1929 
300 |a xvi, 254 pages, 1 :  |b frontispiece (facsimiles) ;  |c 20 cm. 
336 |a text  |b txt  |2 rdacontent 
337 |a unmediated  |b n  |2 rdamedia 
338 |a volume  |b nc  |2 rdacarrier 
500 |a The frontispiece is a "Facsimile of the cover of the first issue of Malaeska, June, 1860." 
500 |a Introduction signed: Frank P. O'Brien. 
700 1 |a O'Brien, Frank P. 
999 |a MARS 
999 f f |s c7a6fed4-9456-306a-a281-e56610126dd8  |i 0f6407b2-bb19-3ff6-8a9e-9d557a7f333a  |t 0 
952 f f |p ric  |a Texas A&M University  |b Rellis Campus  |c Joint Library Facility  |d Remote Storage  |t 0  |e PS2919.S3 M24 1929  |h Library of Congress classification  |i unmediated -- volume  |m A14801251619 
998 f f |a PS2919.S3 M24 1929  |t 0  |l Remote Storage